Normal view
MARC view
Entry Topical Term
001 - CONTROL NUMBER
- control field: 32989
003 - CONTROL NUMBER IDENTIFIER
- control field: OSt
005 - DATE AND TIME OF LATEST TRANSACTION
- control field: 20160116162841.0
008 - FIXED-LENGTH DATA ELEMENTS
- fixed length control field: 160116|| aca||aabn | a|a d
040 ## - CATALOGING SOURCE
- Original cataloging agency: OSt
- Transcribing agency: OSt
150 ## - HEADING--TOPICAL TERM
- Topical term or geographic name entry element: Essays
670 ## - SOURCE DATA FOUND
- Source citation: Work cat.: (OSt): Trivedi Madhu 32988, The Emergence Of The Hindustani Tradition, 2012









